Normal view
MARC view
- Self-determination, National
Entry Topical Term
001 - CONTROL NUMBER
- control field: 1374
003 - CONTROL NUMBER IDENTIFIER
- control field: OSt
005 - DATE AND TIME OF LATEST TRANSACTION
- control field: 20250912152805.0
008 - FIXED-LENGTH DATA ELEMENTS
- fixed length control field: 250912|| aca||aabn | a|a d
040 ## - CATALOGING SOURCE
- Original cataloging agency: OSt
- Transcribing agency: OSt
150 ## - HEADING--TOPICAL TERM
- Topical term or geographic name entry element: Self-determination, National
- Geographic subdivision: India
670 ## - SOURCE DATA FOUND
- Source citation: Work cat.: (OSt)751342: Parasher, Tejas, 1371, Radical democracy in modern Indian political thought /, . 2024
